banner koha

Avaliação da qualidade sanitária de sementes de repolho e couve-flor com relação a Xanthomonas campestris e resistência dos genótipos à podridão negra (Registro n. 170102)

MARC details
000 -LÍDER
campo de controle de tamanho fixo 00984nas a2200313 4500
001 - NÚMERO DE CONTROLE
campo de controle BR0202235
003 - IDENTIFICADOR DO NÚMERO DE CONTROLE
campo de controle BR-BrBNA
005 - DATA E HORÁRIO DA ÚLTIMA TRANSAÇÃO
campo de controle 20231205102927.0
007 - CAMPO FIXO DE DESCRIÇÃO FÍSICA--INFORMAÇÃO GERAL
campo de controle de tamanho fixo ta
008 - CAMPO DE DADOS FIXOS--INFORMAÇÃO GERAL
campo de controle de tamanho fixo 230509b bl.|||p| |||| 00| 00por d
040 ## - FONTE DA CATALOGAÇÃO
Instituição da catalogação original BR-BrBNA
Idioma da catalogação por
Instituição que transcreveu o registro Biblioteca Nacional de Agricultura
041 ## - CÓDIGO DE IDIOMA
Código do idioma do texto/trilha sonora ou título diferente (Pt)
072 ## - CÓDIGO DE CATEGORIA DE ASSUNTO
Código de Categoria de Assunto F30; H20
100 1# - ENTRADA PRINCIPAL--NOME PESSOAL
Nome pessoal Galli, J.A.
100 1# - ENTRADA PRINCIPAL--NOME PESSOAL
Nome pessoal Panizzi, R. de C.
100 1# - ENTRADA PRINCIPAL--NOME PESSOAL
Nome pessoal Sader, R.
100 1# - ENTRADA PRINCIPAL--NOME PESSOAL
Nome pessoal Braz, L.T.
245 1# - TÍTULO
Título Avaliação da qualidade sanitária de sementes de repolho e couve-flor com relação a Xanthomonas campestris e resistência dos genótipos à podridão negra
650 ## - ASSUNTO--TERMO TÓPICO
Cabeçalho tópico ou nome geográfico REPOLHO
650 ## - ASSUNTO--TERMO TÓPICO
Cabeçalho tópico ou nome geográfico COUVE-FLOR
650 ## - ASSUNTO--TERMO TÓPICO
Cabeçalho tópico ou nome geográfico SEMENTE
650 ## - ASSUNTO--TERMO TÓPICO
Cabeçalho tópico ou nome geográfico PODRIDÃO NEGRA
650 ## - ASSUNTO--TERMO TÓPICO
Cabeçalho tópico ou nome geográfico INOCULAÇÃO
650 ## - ASSUNTO--TERMO TÓPICO
Cabeçalho tópico ou nome geográfico QUALIDADE
650 ## - ASSUNTO--TERMO TÓPICO
Cabeçalho tópico ou nome geográfico VARIEDADE RESISTENTE
773 0# - ENTRADA ANALÍTICA
Título Summa Phytopathologica (Brazil)
ISSN - International Standard Serial Number ISSN 0100-5405
Partes relacionadas (Jul-Sep 2001), v. 27(3) p. 334-338
Número de controle do registro BR0202235
909 ## -
-- 202311
-- Lúcia
-- 55
-- Lúcia Elande
942 ## - ELEMENTOS DE ENTRADA ADICIONADOS (KOHA)
Fonte da classificação ou esquema de arquivamento na estante Classificação AGRIS
Ocultar no OPAC Não
Tipo de material Koha Analítica
Exemplares
Situação do descarte Fonte da classificação ou esquema de arquivamento na estante Situação física Não pode ser emprestado Biblioteca de origem Biblioteca atual Localização na estante Enumeração do periódico / cronologia Total de empréstimos Data de último acesso Número do exemplar Tipo de material Koha Fonte de aquisição
  Classificação AGRIS   Consulta local Biblioteca Nacional de Agricultura - Binagri Biblioteca Nacional de Agricultura - Binagri   (Jul-Sep 2001), v. 27(3) p. 334-338   29/11/2023 01 Periódicos Portaria Interministerial nº 164/94

BINAGRI

Telefone: (61)3218-2567/2388/3357/2097 - binagri@agro.gov.br

Ministério da Agricultura e Pecuária , Esplanada dos Ministérios, Bloco D, Anexo B, Brasília/DF, CEP: 70.043-900